| 000 | 00603nam a2200193 i 4500 | ||
|---|---|---|---|
| 001 | bg | ||
| 245 | 0 | 0 |
_aZaawansowane techniki wytwarzania przemysłowych mieszanek paszowych ; praca zbiorowa / _cpod red. Józefa Grochowicza. |
| 260 |
_aLublin : _bPAGROS, _c1998. |
||
| 300 |
_a203 s. ; _c24 cm. |
||
| 500 | _aTyt. w jęz. ang.: "Advanced technology of mixed feed manufacturing". | ||
| 650 | 9 |
_aMieszanki paszowe _xtechnologia |
|
| 020 | _a8391015203 | ||
| 040 | _cBPK | ||
| 041 | 0 | _apl | |
| 080 | _a631.36 | ||
| 920 | _a83-910152-0-3 | ||
| 942 | _cKS | ||
| 008 | s pl f |000 0 pol | ||
| 999 |
_c33688 _d33688 |
||
| 856 |
_uhttp://koha.tu.koszalin.pl/cgi-bin/koha/opac-detail.pl?biblionumber=33688 _yKatalog online BPK |
||